| 000 | 00740cam a22002414a 4500 | ||
|---|---|---|---|
| 001 | 13670923 | ||
| 005 | 20180112035605.0 | ||
| 008 | 040729s2004 nyua b 001 0 eng | ||
| 010 | _a 2004561121 | ||
| 020 | _a0071410929 | ||
| 040 |
_aDLC _cDLC _dDLC |
||
| 041 | _aeng | ||
| 042 | _apcc | ||
| 080 | _a611 KAT | ||
| 100 | _a5 | ||
| 101 | _aFAR | ||
| 245 | 0 | 0 |
_aBasic & clinical pharmacology / _cedited by Bertram G. Katzung. |
| 246 | 3 | _aBasic and clinical pharmacology | |
| 504 | _aIncludes bibliographical references and index. | ||
| 906 |
_a7 _bcbc _corigcop _d2 _encip _f20 _gy-gencatlg |
||
| 942 |
_2ddc _cBK |
||
| 999 |
_c40162 _d40162 |
||